| 000 | 00780nam a2200265Ia 4500 | ||
|---|---|---|---|
| 003 | OSt | ||
| 005 | 20220928124331.0 | ||
| 006 | a|||||r|||| 00| 0 | ||
| 007 | ta | ||
| 008 | 220927b |||||||| |||| 00| 0 eng d | ||
| 020 | _c1190 | ||
| 024 | _a129321 | ||
| 037 |
_b296, 01/03/2016, Classic Book Service _cTextual |
||
| 040 |
_aSDCL _cSDCL _beng |
||
| 041 |
_2eng _aeng |
||
| 082 | _aB2894, N4;1-2 | ||
| 100 |
_aOsborne Martin J. _9464439 |
||
| 245 | 0 | _aCourse in game theory | |
| 260 |
_aDelhi _bPHI Learning _c1994 |
||
| 300 |
_axv;352p. _ccm. |
||
| 650 | _aI I C | ||
| 700 |
_a Rubinstein Ariel _9447532 |
||
| 942 |
_hB2894, N4;1-2 _cTEXL _2CC |
||
| 999 |
_c777348 _d777348 |
||